Des accords de Bretton Woods à l'accord sur l'Union européenne des paiements (1944-1950). (notice n° 1603539)

détails MARC
000 -LEADER
fixed length control field 02276cam a2200169 4500500
005 - DATE AND TIME OF LATEST TRANSACTION
control field 20251228092701.0
041 ## - LANGUAGE CODE
Language code of text/sound track or separate title fre
042 ## - AUTHENTICATION CODE
Authentication code dc
100 10 - MAIN ENTRY--PERSONAL NAME
Personal name du Bois, Pierre
Relator term author
245 00 - TITLE STATEMENT
Title Des accords de Bretton Woods à l'accord sur l'Union européenne des paiements (1944-1950).
260 ## - PUBLICATION, DISTRIBUTION, ETC.
Date of publication, distribution, etc. 2005.<br/>
500 ## - GENERAL NOTE
General note 88
520 ## - SUMMARY, ETC.
Summary, etc. Des accords de Bretton Woods à l’accord sur l’Union européenne des paiements (1944-1950). C’est durant la Seconde Guerre mondiale que s’élaborent, à l’initiative des Américains, les institutions appelées à orienter et à encadrer les relations monétaires internationales au lendemain des hostilités. À Bretton Woods, en 1944, sont conclus les deux accords qui donnent naissance au Fonds monétaire international et à la Banque internationale de reconstruction et de développement. Toutefois, l’évolution des conditions économiques et politiques, après 1945, empêche la pleine réalisation de l’ordre monétaire dessiné à Bretton Woods. Si l’universalisme ne disparaît pas, le régionalisme, incarné en particulier par l’Union européenne des paiements, représente une formule réaliste pour faire face à la situation dramatique qui prévaut en Europe.
520 ## - SUMMARY, ETC.
Summary, etc. Des accords de Bretton Woods à l’accord sur l’Union européenne des paiements (1944-1950). Following American initiatives, the institutions aimed at guiding and managing international monetary relations after the hostilities were conceived during the Second World War. At Bretton Woods, in 1944, both agreements, which give birth to the International Monetary Fund and the International Bank for Reconstruction and Development, were concluded. Nevertheless, the evolution of the economic and political conditions after 1945 hindered the full achievement of the international monetary order elaborated at Bretton Woods. Whilst universalism had not disappeared, regionalism, embodied in particular by the European Payments Union, represented a realistic formula to face the critical situation prevailing in Europe.
786 0# - DATA SOURCE ENTRY
Note Relations internationales | 124 | 4 | 2005-12-01 | p. 17-27 | 0335-2013
856 41 - ELECTRONIC LOCATION AND ACCESS
Uniform Resource Identifier <a href="https://shs.cairn.info/revue-relations-internationales-2005-4-page-17?lang=fr&redirect-ssocas=7080">https://shs.cairn.info/revue-relations-internationales-2005-4-page-17?lang=fr&redirect-ssocas=7080</a>

Pas d'exemplaire disponible.

PLUDOC

PLUDOC est la plateforme unique et centralisée de gestion des bibliothèques physiques et numériques de Guinée administré par le CEDUST. Elle est la plus grande base de données de ressources documentaires pour les Étudiants, Enseignants chercheurs et Chercheurs de Guinée.

Adresse

627 919 101/664 919 101

25 boulevard du commerce
Kaloum, Conakry, Guinée

Réseaux sociaux

Powered by Netsen Group @ 2025